000 00304nam a22001337a 4500
008 171013b xxu||||| |||| 00| 0 eng d
020 _a0862328705
041 _aeng
080 _a316
100 _a51
101 _aSOC
245 _aWOMEN AND SOCIAL CHANGE IN LATIN AMERICA
_cJELIN,E
942 _2udc
_cBK
999 _c33769
_d33769